<?xml version="1.0" encoding="UTF-8"?>
<record
    xmlns:xsi="http://www.w3.org/2001/XMLSchema-instance"
    xsi:schemaLocation="http://www.loc.gov/MARC21/slim http://www.loc.gov/standards/marcxml/schema/MARC21slim.xsd"
    xmlns="http://www.loc.gov/MARC21/slim">

  <leader>01191nam a2200253 i 4500</leader>
  <controlfield tag="001">85436</controlfield>
  <controlfield tag="003">ES-MaACL</controlfield>
  <controlfield tag="005">20251214063015.0</controlfield>
  <controlfield tag="007">t|</controlfield>
  <controlfield tag="008">041129s1950    sp           ||||1| spa d</controlfield>
  <datafield tag="100" ind1="0" ind2=" ">
    <subfield code="a">Juan de la Cruz, </subfield>
    <subfield code="c">Santo,</subfield>
    <subfield code="d">1542-1591</subfield>
    <subfield code="9">67110</subfield>
  </datafield>
  <datafield tag="245" ind1="1" ind2="0">
    <subfield code="a">Vida y obras de San Juan de la Cruz / </subfield>
    <subfield code="c">biograf&#xED;a in&#xE9;dita del santo por Cris&#xF3;gono de Jes&#xFA;s ; pr&#xF3;logo general, introducciones, revisi&#xF3;n del texto, notas e &#xED;ndices de Lucinio del S.S. Sacramento ; revisi&#xF3;n del texto p&#xF3;stumo y notas cr&#xED;ticas por Mat&#xED;as del Ni&#xF1;o Jes&#xFA;s ; introducci&#xF3;n a la "Llama del amor viva" por Alberto de la V. del Carmen.</subfield>
  </datafield>
  <datafield tag="260" ind1=" " ind2=" ">
    <subfield code="a">Madrid : </subfield>
    <subfield code="b">Editorial Cat&#xF3;lica, </subfield>
    <subfield code="c">1950.</subfield>
  </datafield>
  <datafield tag="300" ind1=" " ind2=" ">
    <subfield code="a">XXXIX, 1431 p. : </subfield>
    <subfield code="b">il. ; </subfield>
    <subfield code="c">20 cm.</subfield>
  </datafield>
  <datafield tag="490" ind1="1" ind2=" ">
    <subfield code="a">Biblioteca de autores cristianos ; </subfield>
    <subfield code="v">15</subfield>
  </datafield>
  <datafield tag="700" ind1="0" ind2=" ">
    <subfield code="a">Cris&#xF3;gono de Jes&#xFA;s Sacramentado (</subfield>
    <subfield code="d">1904-1945)</subfield>
    <subfield code="9">41621</subfield>
  </datafield>
  <datafield tag="700" ind1="1" ind2=" ">
    <subfield code="a">Lucinio del Sant&#xED;simo Sacramento.</subfield>
    <subfield code="9">74590</subfield>
  </datafield>
  <datafield tag="700" ind1="1" ind2=" ">
    <subfield code="a">Mat&#xED;as del Ni&#xF1;o Jes&#xFA;s.</subfield>
    <subfield code="9">79064</subfield>
  </datafield>
  <datafield tag="700" ind1="1" ind2=" ">
    <subfield code="a">Alberto de la Virgen del Carmen.</subfield>
    <subfield code="9">19362</subfield>
  </datafield>
  <datafield tag="830" ind1="0" ind2="0">
    <subfield code="a">Biblioteca de autores cristianos</subfield>
    <subfield code="v">15</subfield>
    <subfield code="9">178679</subfield>
  </datafield>
  <datafield tag="852" ind1=" " ind2=" ">
    <subfield code="a">ES-MaACL</subfield>
    <subfield code="j">D-5881 </subfield>
    <subfield code="b">R.30981</subfield>
  </datafield>
  <datafield tag="852" ind1=" " ind2=" ">
    <subfield code="a">ES-MaACL</subfield>
    <subfield code="j">J-16</subfield>
  </datafield>
  <datafield tag="999" ind1=" " ind2=" ">
    <subfield code="c">85436</subfield>
    <subfield code="d">85436</subfield>
  </datafield>
  <datafield tag="952" ind1=" " ind2=" ">
    <subfield code="0">0</subfield>
    <subfield code="1">0</subfield>
    <subfield code="4">0</subfield>
    <subfield code="7">0</subfield>
    <subfield code="a">ATENEOM</subfield>
    <subfield code="b">ATENEOM</subfield>
    <subfield code="c">DEPO2</subfield>
    <subfield code="d">2005-05-22</subfield>
    <subfield code="e">SC</subfield>
    <subfield code="l">0</subfield>
    <subfield code="o">J-16</subfield>
    <subfield code="p">1201621</subfield>
    <subfield code="r">2023-02-23 00:00:00</subfield>
    <subfield code="w">2023-02-23</subfield>
    <subfield code="y">MONOGRAFIA</subfield>
  </datafield>
  <datafield tag="952" ind1=" " ind2=" ">
    <subfield code="0">0</subfield>
    <subfield code="1">0</subfield>
    <subfield code="4">0</subfield>
    <subfield code="7">0</subfield>
    <subfield code="a">ATENEOM</subfield>
    <subfield code="b">ATENEOM</subfield>
    <subfield code="c">SVI</subfield>
    <subfield code="d">2008-01-17</subfield>
    <subfield code="e">SC</subfield>
    <subfield code="l">0</subfield>
    <subfield code="o">D-5881</subfield>
    <subfield code="p">901089279</subfield>
    <subfield code="r">2023-02-23 00:00:00</subfield>
    <subfield code="w">2023-02-23</subfield>
    <subfield code="y">MONOGRAFIA</subfield>
  </datafield>
</record>
